01420nam a2200277 a 4500001001000000005001700010008004100027041000800068044000700076084002600083100004500109245009500154260004000249300003600289500016100325500009900486500020600585500006300791500004000854500001100894650005200905650005600957650003401013650004501047740005001092BRCA_237620190320203800.0071108s1928----sp-#---###---#000-0#spa-u aspa asp a017b.M67c1928 F16081 aCervantes Saavedra, Miguel ded1547-161610aEl Ingenioso Hidalgo Don Quixote de la Manchaccompuesto por Miguel de Cervantes Saavedra. aBarcelonabMontaner y Simónc1928 a1 v. (sin paginación)c24 cm. aContenido : Tasa. Privilegio de Castilla. Privilegio de Portugal. Dedicatoria del autor al Duque de Béjar. Prólogo del autor. Versos preliminares. Texto aFacsímil de : El ingenioso hidalgo Don Quixote de la Mancha. Madrid: Juan de la Cuesta, 1608 aFacsímil de la tercera edición de la primera parte de Cuesta. Publicado por Montaner y Simón, en Barcelona, el año de 1897. Ejemplar encuadernado en tela verde, igual al LO-016 Lúdovik Osterc aEstado físico : Encuadernación ligeramente desprendida aExistencias : Complementa al LO-029 aQMB13614aNovela españolayÉpoca clásica, 1500-170014aLiteratura españolayÉpoca clásica, 1500-170014aNovela españolaySiglo XVII14aDon Quijote (Personaje ficticio)eNovela0 aEl Ingenioso Hidalgo Don Quijote de la Mancha